000 00499nam a2200193Ia 4500
005 20240823061129.0
008 240823s9999||||xx |||||||||||||| ||und||
041 _aENGLISH
082 _A612.85 P5
100 _aArthur N Popper
245 0 _aSound Source Localization
250 _a1st
260 _c2005
_bSpringer Publica
500 _aTRANSFERED
650 _aAudiology Speech and Language Pathology
_bAllied Health Science
700 _a Richard R Eay
942 _cBK
999 _c232784
_d232784